[Event "XXIV Festival Conca della Presolana A"]
[Site "Bratto - Castione della Presolana ITA"]
[Date "2004.08.22"]
[Round "3"]
[White "Bergez, Luc"]
[Black "D'Innocente, Stefano"]
[Result "1/2-1/2"]
[WhiteElo "2376"]
[BlackElo "2197"]
[PlyCount "119"]
[EventDate "2004.08.20"]

1.e4 c5 2.c3 d5 3.exd5 Qxd5 4.d4 Nf6 5.Nf3 Bg4 6.Be2 e6 7.h3 Bh5 8.O-O Nc6
9.Be3 cxd4 10.cxd4 Be7 11.Nc3 Qd6 12.Qb3 O-O 13.Rfd1 Rfd8 14.Rac1 Qb4 15.
Qxb4 Nxb4 16.g4 Bg6 17.Bg5 Rac8 18.Ne5 Nfd5 19.Bxe7 Nxe7 20.Bf3 Ned5 21.
Nxd5 Nxd5 22.Re1 Bc2 23.Bxd5 exd5 24.Re3 f6 25.Nf3 Be4 26.Rec3 Rxc3 27.
Rxc3 Bxf3 28.Rxf3 Rc8 29.Rf5 Rd8 30.g5 Kf7 31.gxf6 gxf6 32.Kf1 Kg6 33.Rf3 
Rc8 34.Ra3 Rc2 35.b3 a6 36.Ra5 Rd2 37.Rxd5 Rxa2 38.Rd6 Rb2 39.Rb6 Rd2 40.
Rxb7 Rxd4 41.b4 h5 42.Kg2 Kg5 43.Rb6 f5 44.Rb8 Kf4 45.Rb7 Rd6 46.Rh7 Rg6+ 
47.Kh2 Kf3 48.Rxh5 f4 49.h4 Kxf2 50.Rg5 Rh6 51.h5 f3 52.Kh3 Rb6 53.Ra5 
Rxb4 54.Rxa6 Rb1 55.Kh2 Rb5 56.Ra2+ Ke3 57.Ra3+ Kf4 58.Ra4+ Kg5 59.Kg3 Rf5
60.Ra2 1/2-1/2

[Event "XXIV Festival Conca della Presolana A"]
[Site "Bratto - Castione della Presolana ITA"]
[Date "2004.08.22"]
[Round "3"]
[White "Buccoliero, Alessandro"]
[Black "Bresciani, Nicola"]
[Result "1/2-1/2"]
[WhiteElo "2123"]
[BlackElo "2284"]
[PlyCount "60"]
[EventDate "2004.08.20"]

1.d4 Nf6 2.c4 e6 3.Nf3 b6 4.Bg5 Bb7 5.e3 h6 6.Bxf6 Bb4+ 7.Nbd2 Qxf6 8.Be2 
c5 9.O-O cxd4 10.Nxd4 O-O 11.Bf3 Bxf3 12.Qxf3 Qxf3 13.N2xf3 Rc8 14.b3 Be7 
15.Rad1 a6 16.a4 Ra7 17.e4 d6 18.e5 dxe5 19.Nxe5 Rb7 20.Rd3 Bf6 21.Ndf3 b5
22.axb5 axb5 23.cxb5 Rxb5 24.Nc4 Rc6 25.Nd4 Bxd4 26.Rxd4 Rd5 27.Rxd5 exd5 
28.Ne3 Rb6 29.Nxd5 Rxb3 30.h4 Rd3 1/2-1/2

[Event "XXIV Festival Conca della Presolana A"]
[Site "Bratto - Castione della Presolana ITA"]
[Date "2004.08.22"]
[Round "3"]
[White "Campini, Marco"]
[Black "Bancod, Ronald"]
[Result "0-1"]
[WhiteElo "2173"]
[BlackElo "2354"]
[PlyCount "90"]
[EventDate "2004.08.20"]

1.e4 c5 2.Nf3 d6 3.d4 Nf6 4.Nc3 cxd4 5.Nxd4 g6 6.Be2 Bg7 7.Be3 O-O 8.g4 
Nc6 9.h4 Nxg4 10.Bxg4 Bxg4 11.Qxg4 Nxd4 12.Qd1 Nc6 13.h5 Bxc3+ 14.bxc3 Qa5
15.Bd2 Ne5 16.Rh3 Rac8 17.Rb1 Rc4 18.Rb4 Qxa2 19.hxg6 fxg6 20.f4 Rxb4 21.
cxb4 Qe6 22.Rg3 Nc6 23.Qe2 Nd4 24.Qd3 Nf5 25.Rg5 d5 26.Qxd5 Qxd5 27.exd5 
b5 28.Bc3 Rd8 29.Be5 Rxd5 30.Ke2 Kf7 31.c3 h5 32.Bb8 a6 33.Rg2 Rd8 34.Bc7 
Rd7 35.Be5 h4 36.Bb8 Ng3+ 37.Ke3 Rd1 38.Kf3 Nf5 39.Ke2 Rh1 40.Ba7 Rh3 41.
Kd2 Rf3 42.Rf2 Rxf2+ 43.Bxf2 e5 44.fxe5 g5 45.Ke2 g4 0-1

[Event "XXIV Festival Conca della Presolana A"]
[Site "Bratto - Castione della Presolana ITA"]
[Date "2004.08.22"]
[Round "3"]
[White "Canova, Luca"]
[Black "Bottino, Alexiei"]
[Result "0-1"]
[WhiteElo "2017"]
[BlackElo "2061"]
[PlyCount "132"]
[EventDate "2004.08.20"]

1.e4 c5 2.Nf3 Nc6 3.d4 cxd4 4.Nxd4 Qb6 5.Nb3 Nf6 6.Nc3 e6 7.Be3 Qc7 8.a3 
a6 9.Be2 b5 10.O-O d6 11.f4 Be7 12.Qe1 Bb7 13.Qg3 Rg8 14.Qf2 Rc8 15.Rad1 
Ba8 16.Bf3 h6 17.Bb6 Qb8 18.Kh1 g5 19.g3 g4 20.Bg2 h5 21.Be3 Qc7 22.Bb6 
Qb8 23.Be3 h4 24.Kg1 b4 25.axb4 Nxb4 26.Rfe1 h3 27.Bh1 Rc4 28.Rd4 Rxd4 29.
Bxd4 Nc6 30.Be3 Nd7 31.Rd1 Qb4 32.Qd2 Nb6 33.Bxb6 Qxb6+ 34.Qf2 Qb8 35.Ra1 
Bb7 36.Na5 Nxa5 37.Rxa5 Qc7 38.Ra2 d5 39.Qd2 Qb6+ 40.Kf1 dxe4 41.Bxe4 Bxe4
42.Nxe4 Qc6 43.Qe2 f5 44.Rxa6 Qxe4 45.Qxe4 fxe4 46.Rxe6 Kf7 47.Rxe4 Rb8 
48.b3 Rb4 49.Re5 Bf6 50.Rc5 Ke6 51.Ke2 Re4+ 52.Kd2 Kd6 53.Rf5 Be7 54.c3 
Ke6 55.Rb5 Kf6 56.c4 Rd4+ 57.Ke2 Kg6 58.c5 Rxf4 59.gxf4 g3 60.c6 gxh2 61.
f5+ Kf7 62.c7 h1=Q 63.c8=Q Qe4+ 64.Kd2 Bg5+ 65.Kc3 Qe1+ 66.Kd3 Qe3+ 0-1

[Event "XXIV Festival Conca della Presolana A"]
[Site "Bratto - Castione della Presolana ITA"]
[Date "2004.08.22"]
[Round "3"]
[White "Capece, Adolivio"]
[Black "Marinelli, Gian Marco"]
[Result "1-0"]
[WhiteElo "2061"]
[BlackElo "2018"]
[PlyCount "53"]
[EventDate "2004.08.20"]

1.c4 g6 2.Nc3 Bg7 3.g3 d6 4.Bg2 e5 5.d3 f5 6.Nf3 Nf6 7.Bg5 Nbd7 8.b4 h6 9.
Bd2 c6 10.Rb1 g5 11.a4 Nf8 12.b5 Bd7 13.a5 Ng6 14.a6 b6 15.Nxg5 hxg5 16.
bxc6 Be6 17.c7 Qc8 18.Bb7 Qxc7 19.Bxa8 Ng4 20.Qa4+ Bd7 21.Qb4 Bc6 22.Bxc6+
Qxc6 23.Qb5 Qxb5 24.Nxb5 Nxh2 25.Kd1 e4 26.Nxd6+ Kd7 27.Nxf5 1-0

[Event "XXIV Festival Conca della Presolana A"]
[Site "Bratto - Castione della Presolana ITA"]
[Date "2004.08.22"]
[Round "3"]
[White "Capitelli, Paolo"]
[Black "Gangemi, Salvatore"]
[Result "1/2-1/2"]
[WhiteElo "2137"]
[BlackElo "2085"]
[PlyCount "67"]
[EventDate "2004.08.20"]

1.e4 e6 2.d4 d5 3.e5 c5 4.c3 Nc6 5.Nf3 Bd7 6.Bd3 cxd4 7.cxd4 Qb6 8.Nc3 
Nxd4 9.Nxd4 Qxd4 10.O-O a6 11.Qe2 Ne7 12.Kh1 Nc6 13.f4 Nb4 14.Rd1 Nxd3 15.
Rxd3 Qb6 16.Be3 Bc5 17.Bxc5 Qxc5 18.Qd2 Bc6 19.Rc1 Qa5 20.Rd4 O-O 21.b4 
Qb6 22.a4 f6 23.Re1 fxe5 24.Rxe5 Rf6 25.Qe3 Bd7 26.g4 Rc8 27.f5 Qc6 28.
fxe6 Bxe6 29.g5 Rg6 30.Nxd5 Bxd5+ 31.Rexd5 Re6 32.Qf3 Rce8 33.Kg2 Re2+ 34.
Kg1 {...} 1/2-1/2

[Event "XXIV Festival Conca della Presolana A"]
[Site "Bratto - Castione della Presolana ITA"]
[Date "2004.08.22"]
[Round "3"]
[White "Cardelli, Gabriele"]
[Black "Castelfranchi, Carlo"]
[Result "1/2-1/2"]
[WhiteElo "2026"]
[BlackElo "2086"]
[PlyCount "64"]
[EventDate "2004.08.20"]

1.e4 Nf6 2.e5 Nd5 3.c4 Nb6 4.d4 d6 5.exd6 exd6 6.Nc3 Be7 7.Bd3 Nc6 8.Nge2 
Bf6 9.Be3 O-O 10.O-O Nb4 11.b3 Nxd3 12.Qxd3 Re8 13.Ng3 g6 14.f4 c5 15.Nce4
Bg7 16.Rad1 f5 17.Ng5 Qc7 18.Kh1 Bd7 19.Ne2 Be6 20.d5 Bd7 21.Bd2 Re7 22.
Bc3 Bxc3 23.Nxc3 Rae8 24.Qh3 a6 25.Qh6 Bc8 26.Rd3 Re3 27.Rxe3 Rxe3 28.Nd1 
Re2 29.Qh4 Qe7 30.h3 Nd7 31.Nc3 Re3 32.Nd1 Re2 1/2-1/2

[Event "XXIV Festival Conca della Presolana A"]
[Site "Bratto - Castione della Presolana ITA"]
[Date "2004.08.22"]
[Round "3"]
[White "Cazzaniga, Walter"]
[Black "Bernard, Jacques"]
[Result "1/2-1/2"]
[WhiteElo "2081"]
[BlackElo "2222"]
[PlyCount "33"]
[EventDate "2004.08.20"]

1.d4 Nf6 2.c4 g6 3.Nc3 d5 4.Nf3 Bg7 5.cxd5 Nxd5 6.e4 Nxc3 7.bxc3 c5 8.Be3 
Qa5 9.Qd2 O-O 10.Rc1 cxd4 11.cxd4 Qxd2+ 12.Bxd2 e6 13.Bc4 Nc6 14.d5 exd5 
15.Bxd5 Bd7 16.O-O Rac8 17.Rfd1 1/2-1/2

[Event "XXIV Festival Conca della Presolana A"]
[Site "Bratto - Castione della Presolana ITA"]
[Date "2004.08.22"]
[Round "3"]
[White "Ceccarini, Marco"]
[Black "Barletta, Antonio"]
[Result "1/2-1/2"]
[WhiteElo "2091"]
[BlackElo "2066"]
[PlyCount "61"]
[EventDate "2004.08.20"]

1.e4 c5 2.Nf3 e6 3.d4 cxd4 4.Nxd4 a6 5.c4 Nf6 6.Nc3 Qc7 7.Be3 Bb4 8.f3 
Bxc3+ 9.bxc3 d6 10.Be2 Nbd7 11.Qa4 O-O 12.O-O Ne5 13.Qb4 d5 14.cxd5 exd5 
15.Bg5 Ned7 16.Nf5 dxe4 17.fxe4 Qc5+ 18.Qxc5 Nxc5 19.Ne7+ Kh8 20.Bxf6 gxf6
21.Rxf6 Nxe4 22.Rf4 Nxc3 23.Bd3 Be6 24.Rh4 Kg7 25.Rf1 h6 26.Nf5+ Bxf5 27.
Bxf5 Rfd8 28.Rg4+ Kf8 29.Rc4 Ne2+ 30.Kh1 Nd4 31.Bg6 1/2-1/2

[Event "XXIV Festival Conca della Presolana A"]
[Site "Bratto - Castione della Presolana ITA"]
[Date "2004.08.22"]
[Round "3"]
[White "Contin, Daniel"]
[Black "Cebalo, Miso"]
[Result "0-1"]
[WhiteElo "2392"]
[BlackElo "2527"]
[PlyCount "102"]
[EventDate "2004.08.20"]

1.Nf3 g6 2.c4 Bg7 3.g3 c5 4.d4 cxd4 5.Nxd4 Nc6 6.Nb3 b6 7.Bg2 Bb7 8.O-O d6
9.Nc3 Rc8 10.a4 Nf6 11.a5 O-O 12.axb6 axb6 13.Nd4 Qc7 14.Ndb5 Qb8 15.Bg5 
Na5 16.b3 Bxg2 17.Kxg2 Qb7+ 18.f3 h6 19.Bxf6 Bxf6 20.Ra2 Bg7 21.Qd3 Rfd8 
22.Rb1 Nc6 23.Qe4 Rb8 24.h4 h5 25.Qe3 Kh7 26.Rba1 Qd7 27.Ra6 Qf5 28.Rxb6 
Rbc8 29.Ra2 e6 30.Qe4 d5 31.Qxf5 gxf5 32.cxd5 Nb4 33.dxe6 Nxa2 34.Nxa2 Rc2
35.Nb4 Rxe2+ 36.Kf1 Rxe6 37.Rxe6 fxe6 38.Nc7 Rb8 39.Nd3 Rxb3 40.Ke2 e5 41.
Ne6 Bf6 42.Nec5 Rb5 43.Nd7 Kg6 44.Ke3 Ra5 45.Nb6 Kf7 46.Nc4 Rd5 47.Nb6 Rd8
48.Nc4 Ke6 49.Ncb2 Rc8 50.Na4 Be7 51.Kd2 Rg8 0-1

[Event "XXIV Festival Conca della Presolana A"]
[Site "Bratto - Castione della Presolana ITA"]
[Date "2004.08.22"]
[Round "3"]
[White "Contini, Gabriele"]
[Black "Piantoni, Roberto"]
[Result "1/2-1/2"]
[WhiteElo "2048"]
[BlackElo "2124"]
[PlyCount "55"]
[EventDate "2004.08.20"]

1.d4 Nf6 2.Bg5 c5 3.Bxf6 gxf6 4.dxc5 Qa5+ 5.Nc3 Bg7 6.e3 f5 7.Ne2 Nc6 8.
Qd5 O-O 9.O-O-O e6 10.Qc4 b6 11.Nd4 bxc5 12.Nb3 Qb6 13.Na4 Qb8 14.Qxc5 Bb7
15.Rxd7 Rc8 16.Qb5 Nd8 17.Nac5 Qe5 18.c3 Bd5 19.Kb1 Rab8 20.Qe2 a5 21.Nd3 
Qf6 22.Qc2 Nc6 23.f4 Be4 24.Nbc5 Qxc3 25.Qxc3 Bxc3 26.Rb7 Rxb7 27.Nxb7 Bg7
28.Nc5 1/2-1/2

[Event "XXIV Festival Conca della Presolana A"]
[Site "Bratto - Castione della Presolana ITA"]
[Date "2004.08.22"]
[Round "3"]
[White "Coratella, Giuseppe"]
[Black "Orsi, Massimiliano"]
[Result "1-0"]
[WhiteElo "2156"]
[BlackElo "2046"]
[PlyCount "45"]
[EventDate "2004.08.20"]

1.e4 e5 2.Nf3 Nc6 3.g3 Bc5 4.Bg2 d6 5.c3 Qf6 6.h3 h6 7.O-O Nge7 8.b4 Bb6 
9.b5 Nb8 10.a4 a5 11.d4 O-O 12.Be3 Nd7 13.Nbd2 Re8 14.Nc4 Ng6 15.Qd3 Ba7 
16.h4 d5 17.Ncxe5 dxe4 18.Qxe4 Ndxe5 19.dxe5 Nxe5 20.Bxa7 Bh3 21.Nxe5 Rxe5
22.Qxb7 Bxg2 23.Kxg2 1-0

[Event "XXIV Festival Conca della Presolana A"]
[Site "Bratto - Castione della Presolana ITA"]
[Date "2004.08.22"]
[Round "3"]
[White "De Santis, Alessio"]
[Black "Drazic, Sinisa"]
[Result "0-1"]
[WhiteElo "2292"]
[BlackElo "2461"]
[PlyCount "82"]
[EventDate "2004.08.20"]

1.d4 d6 2.Nf3 g6 3.e4 Bg7 4.c3 Nf6 5.Bd3 O-O 6.O-O Nc6 7.Nbd2 a6 8.a4 e5 
9.dxe5 Nxe5 10.Nxe5 dxe5 11.Qc2 Nh5 12.Re1 Nf4 13.Bf1 Qf6 14.Nc4 Re8 15.
Be3 h5 16.a5 g5 17.Qa4 Be6 18.Qb4 g4 19.Qxb7 Kh8 20.Qc6 Rg8 21.Bxf4 exf4 
22.Qc5 Qh6 23.e5 h4 24.Qc6 Qg5 25.Rad1 Bh6 26.Nd2 g3 27.fxg3 h3 28.Ne4 Qg6
29.Rd3 Rab8 30.b4 hxg2 31.Bxg2 Rb5 32.Nf2 Qh5 33.Qxa6 Rxe5 34.Rxe5 Qxe5 
35.Rd1 fxg3 36.hxg3 Qxg3 37.Qc6 Be3 38.Rf1 Bh3 39.Qf6+ Rg7 40.Qd8+ Kh7 41.
Qd3+ f5 0-1

[Event "XXIV Festival Conca della Presolana A"]
[Site "Bratto - Castione della Presolana ITA"]
[Date "2004.08.22"]
[Round "3"]
[White "Dervishi, Erald"]
[Black "Guido, Flavio"]
[Result "1-0"]
[WhiteElo "2486"]
[BlackElo "2338"]
[PlyCount "75"]
[EventDate "2004.08.20"]

1.e4 c5 2.Nf3 e6 3.d4 cxd4 4.Nxd4 Nf6 5.Nc3 d6 6.Be2 a6 7.a4 Qc7 8.O-O Be7
9.f4 b6 10.Bf3 Bb7 11.e5 dxe5 12.fxe5 Nfd7 13.Bxb7 Qxb7 14.Qg4 Bc5 15.Kh1 
Bxd4 16.Qxd4 Nc6 17.Qe4 O-O 18.Bf4 Rfd8 19.Bg5 Rdc8 20.Bf4 Qc7 21.Rae1 Rd8
22.Qe3 Nf8 23.Ne4 Ng6 24.Bg3 Rd7 25.c4 h6 26.Nd6 Ncxe5 27.Nxf7 Rxf7 28.
Rxf7 Kxf7 29.b3 Rd8 30.h3 Kf6 31.Qf2+ Ke7 32.Bxe5 Nxe5 33.Qg3 Rd3 34.Qxg7+
Nf7 35.Rf1 Kd6 36.Rxf7 Rd1+ 37.Kh2 Kc5+ 38.Rxc7+ 1-0

[Event "XXIV Festival Conca della Presolana A"]
[Site "Bratto - Castione della Presolana ITA"]
[Date "2004.08.22"]
[Round "3"]
[White "Drabke, Lorenz Maximilian"]
[Black "Cugini, Verter"]
[Result "1-0"]
[WhiteElo "2428"]
[BlackElo "2219"]
[PlyCount "41"]
[EventDate "2004.08.20"]

1.e4 e6 2.d4 d5 3.Nd2 Nf6 4.e5 Ne4 5.Nxe4 dxe4 6.Bc4 a6 7.a4 b6 8.Nh3 Bb7 
9.Nf4 Nc6 10.Be3 Ne7 11.Qe2 Nf5 12.c3 c5 13.d5 exd5 14.Nxd5 Bxd5 15.O-O-O 
Nxe3 16.fxe3 Qd7 17.Bxd5 Ra7 18.Rhf1 Qxa4 19.Qg4 Rd7 20.Bxf7+ Kd8 21.Rxd7+
1-0

[Event "XXIV Festival Conca della Presolana A"]
[Site "Bratto - Castione della Presolana ITA"]
[Date "2004.08.22"]
[Round "3"]
[White "Gardi, Giuseppe"]
[Black "Molteni, Costantino"]
[Result "1-0"]
[WhiteElo "2061"]
[BlackElo "2010"]
[PlyCount "81"]
[EventDate "2004.08.20"]

1.d4 Nf6 2.Nf3 e6 3.Bf4 c5 4.c3 d5 5.e3 Nc6 6.Bd3 Bd6 7.Ne5 Qc7 8.Nd2 Nxe5
9.dxe5 Bxe5 10.Bg5 Nd7 11.Qg4 f5 12.Qh5+ g6 13.Qe2 Bg7 14.h4 Nf6 15.Nf3 
Ne4 16.Bf4 e5 17.Bh2 Qe7 18.Bb5+ Kf7 19.Rd1 a6 20.Bd3 h6 21.c4 Nd6 22.Bb1 
e4 23.Nd2 d4 24.Bxd6 Qxd6 25.f4 d3 26.Qf2 Be6 27.h5 Bd7 28.hxg6+ Qxg6 29.
Rh3 Bf6 30.Nf1 Rag8 31.g3 Ba4 32.Rd2 Qg4 33.Qg2 h5 34.Nh2 Qg7 35.Bxd3 exd3
36.Qxb7+ Kg6 37.Qxa6 Ra8 38.Qd6 Bc2 39.Nf3 Rhd8 40.Ne5+ Kh6 41.Rxh5+ 1-0

[Event "XXIV Festival Conca della Presolana A"]
[Site "Bratto - Castione della Presolana ITA"]
[Date "2004.08.22"]
[Round "3"]
[White "Gromovs, Sergejs"]
[Black "Pizzuto, Samuele Tullio"]
[Result "1-0"]
[WhiteElo "2341"]
[BlackElo "2137"]
[PlyCount "87"]
[EventDate "2004.08.20"]

1.d4 d5 2.Nf3 Nc6 3.c4 Bg4 4.Nc3 e6 5.e3 Bb4 6.Qb3 Bxf3 7.gxf3 Nge7 8.Bd2 
O-O 9.a3 Bxc3 10.Bxc3 b6 11.O-O-O Ng6 12.f4 Nce7 13.h4 Nf5 14.h5 Ngh4 15.
cxd5 exd5 16.Bb5 Rc8 17.Ba6 Rb8 18.Kb1 b5 19.Ba5 Qd6 20.Bb4 Qxa6 21.Bxf8 
Kxf8 22.Qxd5 Ne7 23.Qc5 Nf5 24.e4 Nd6 25.h6 Qc6 26.hxg7+ Kg8 27.f3 Qxc5 
28.dxc5 Ne8 29.Rh6 Nxg7 30.f5 Ne8 31.Rg1+ Kf8 32.Rxh7 Nc6 33.f4 Ke7 34.e5 
Nd8 35.Rg8 b4 36.axb4 Nc6 37.e6 Nd8 38.b5 Nf6 39.Rxf7+ Nxf7 40.Rxb8 Nh6 
41.Rb7 Nd5 42.Rxa7 Kd8 43.b6 Kc8 44.e7 1-0

[Event "XXIV Festival Conca della Presolana A"]
[Site "Bratto - Castione della Presolana ITA"]
[Date "2004.08.22"]
[Round "3"]
[White "Isonzo, David"]
[Black "Rosin, Federico"]
[Result "1-0"]
[WhiteElo "2322"]
[BlackElo "2124"]
[PlyCount "51"]
[EventDate "2004.08.20"]

1.e4 c5 2.Nf3 Nc6 3.Nc3 e5 4.Bc4 Be7 5.d3 Nf6 6.Ng5 O-O 7.f4 d6 8.O-O Nd4 
9.f5 Rb8 10.a4 Bd7 11.g4 Be8 12.Nh3 h6 13.g5 hxg5 14.Bxg5 b5 15.axb5 Bxb5 
16.Rxa7 Bxc4 17.dxc4 Nc6 18.Rxe7 Nxe7 19.Bxf6 gxf6 20.Kh1 Ng6 21.Rg1 Kg7 
22.Qg4 Qe8 23.Nd5 Rb7 24.Nxf6 Kxf6 25.Qg5+ Kg7 26.f6+ 1-0

[Event "XXIV Festival Conca della Presolana A"]
[Site "Bratto - Castione della Presolana ITA"]
[Date "2004.08.22"]
[Round "3"]
[White "Khenkin, Igor"]
[Black "Valenti, Giuseppe"]
[Result "1-0"]
[WhiteElo "2573"]
[BlackElo "2288"]
[PlyCount "49"]
[EventDate "2004.08.20"]

1.d4 Nf6 2.c4 e6 3.Nf3 c5 4.d5 b5 5.dxe6 fxe6 6.cxb5 d5 7.e3 Bd6 8.Nc3 O-O
9.e4 Bc7 10.Bd3 d4 11.e5 dxc3 12.exf6 Qxf6 13.Bg5 Qf7 14.bxc3 Bb7 15.Be3 
Qe7 16.Qc2 h6 17.Bh7+ Kh8 18.Be4 Bxe4 19.Qxe4 Nd7 20.Nh4 Ne5 21.Qxe5 Bxe5 
22.Ng6+ Kh7 23.Nxe7 Bxc3+ 24.Ke2 Bxa1 25.Rxa1 1-0

[Event "XXIV Festival Conca della Presolana A"]
[Site "Bratto - Castione della Presolana ITA"]
[Date "2004.08.22"]
[Round "3"]
[White "Lanzani, Giuliano"]
[Black "Cardini, Saverio"]
[Result "1/2-1/2"]
[WhiteElo "2074"]
[BlackElo "2026"]
[PlyCount "54"]
[EventDate "2004.08.20"]

1.e4 e5 2.Nf3 Nc6 3.Bb5 a6 4.Ba4 Nf6 5.O-O Bc5 6.c3 b5 7.Bb3 d6 8.h3 Bb7 
9.d4 Bb6 10.a4 Nxe4 11.axb5 axb5 12.Rxa8 Bxa8 13.Qe2 Na5 14.Bc2 f5 15.dxe5
O-O 16.Be3 Bxe3 17.Qxe3 Nc4 18.Qf4 dxe5 19.Qc1 Qf6 20.b3 Ncd6 21.c4 b4 22.
c5 Nxc5 23.Bd1 Nce4 24.Qxc7 Rc8 25.Qa5 Nc3 26.Nfd2 Nxd1 27.Rxd1 Qg5 
1/2-1/2

[Event "XXIV Festival Conca della Presolana A"]
[Site "Bratto - Castione della Presolana ITA"]
[Date "2004.08.22"]
[Round "3"]
[White "Magrini, Riccardo"]
[Black "Jonkman, Harmen"]
[Result "0-1"]
[WhiteElo "2270"]
[BlackElo "2425"]
[PlyCount "84"]
[EventDate "2004.08.20"]

1.e4 e5 2.Nf3 Nc6 3.Bc4 Bc5 4.c3 Nf6 5.b4 Bb6 6.d3 d6 7.h3 O-O 8.O-O Ne7 
9.a4 a5 10.Qe2 Ng6 11.Be3 c6 12.Bxb6 Qxb6 13.Qe3 Qc7 14.Nbd2 d5 15.Bb3 Re8
16.bxa5 Qxa5 17.Rfc1 Be6 18.Kh2 Rad8 19.g3 h6 20.Bd1 Qc7 21.Be2 c5 22.Bf1 
Re7 23.Qe1 Nh7 24.Rcb1 f5 25.a5 Nf6 26.Rb6 f4 27.Rab1 Bc8 28.Qc1 fxg3+ 29.
fxg3 Kh7 30.Qe1 Rd6 31.Qf2 Rxb6 32.Rxb6 Re6 33.Rb5 Rc6 34.Bg2 d4 35.c4 Ne8
36.Nb3 Nd6 37.Nfd2 Nxb5 38.cxb5 Rf6 39.Qe2 b6 40.a6 Bd7 41.Nc4 Bxb5 42.Qa2
Qa7 0-1

[Event "XXIV Festival Conca della Presolana A"]
[Site "Bratto - Castione della Presolana ITA"]
[Date "2004.08.22"]
[Round "3"]
[White "Maiorov, Nikita"]
[Black "Salvador, Roland"]
[Result "0-1"]
[WhiteElo "2414"]
[BlackElo "2178"]
[PlyCount "149"]
[EventDate "2004.08.20"]

1.d4 d5 2.c4 dxc4 3.Nf3 Nf6 4.e3 a6 5.Bxc4 e6 6.O-O c5 7.dxc5 Bxc5 8.Qxd8+
Kxd8 9.Nbd2 b5 10.Be2 Bb7 11.Nb3 Bd6 12.Nfd4 Ke7 13.f3 Nc6 14.Nxc6+ Bxc6 
15.e4 Rhc8 16.Be3 Bd7 17.Rac1 Rxc1 18.Rxc1 Rc8 19.Nc5 Be8 20.Nxa6 Ra8 21.
Nc5 Rxa2 22.Nd3 Nd7 23.Bd4 f6 24.Bd1 e5 25.Bb3 Ra6 26.Be3 Bf7 27.Bxf7 Kxf7
28.Kf2 Nf8 29.Rc3 Ne6 30.Rb3 Nc7 31.Rc3 Ne6 32.Rc8 Ke7 33.Rc1 Ra4 34.Rc6 
Rc4 35.Rb6 Rc2+ 36.Kf1 Nc7 37.h3 Kd7 38.Rb7 Rc6 39.Rb8 h6 40.g4 Rc2 41.Rh8
Ne6 42.Ra8 Nd4 43.Ra7+ Kc6 44.Rxg7 Nxf3 45.Rf7 Nd2+ 46.Bxd2 Rxd2 47.Nf2 b4
48.b3 Bc5 49.Rxf6+ Kb5 50.h4 Rb2 51.g5 hxg5 52.hxg5 Rxb3 53.Kg2 Ra3 54.g6 
Kc4 55.Ng4 b3 56.g7 Ra8 57.Nh6 b2 58.Rf1 Be3 59.Rf8 Rxf8 60.gxf8=Q b1=Q 
61.Qf7+ Kd3 62.Qd7+ Kc3 63.Qc6+ Kd2 64.Nf5 Qg1+ 65.Kh3 Qf1+ 66.Kg4 Qf4+ 
67.Kh3 Qf1+ 68.Kg4 Qe2+ 69.Kh3 Bf4 70.Qd5+ Ke1 71.Ng3 Bxg3 72.Kxg3 Qf2+ 
73.Kg4 Qf4+ 74.Kh3 Qh6+ 75.Kg3 0-1

[Event "XXIV Festival Conca della Presolana A"]
[Site "Bratto - Castione della Presolana ITA"]
[Date "2004.08.22"]
[Round "3"]
[White "Maksimenko, Andrei"]
[Black "Shytaj, Luca"]
[Result "0-1"]
[WhiteElo "2524"]
[BlackElo "2344"]
[PlyCount "72"]
[EventDate "2004.08.20"]

1.d4 Nf6 2.Bg5 e6 3.e3 b6 4.c4 Bb7 5.Nc3 Be7 6.Nf3 Ne4 7.Bxe7 Qxe7 8.Nxe4 
Bxe4 9.Nd2 Bb7 10.Be2 O-O 11.O-O c5 12.Bf3 Bxf3 13.Nxf3 d6 14.e4 Nd7 15.
Qe2 Rac8 16.Rad1 Rfd8 17.Rd2 cxd4 18.Nxd4 Ne5 19.b3 a6 20.Rfd1 Ng6 21.Qe3 
d5 22.exd5 exd5 23.Nf5 Qf6 24.Qf3 Ne5 25.Qf4 dxc4 26.Rxd8+ Rxd8 27.Rxd8+ 
Qxd8 28.h3 Qf6 29.Qe4 h5 30.f4 Ng6 31.bxc4 a5 32.Kh2 h4 33.a4 Kh7 34.g3 
Kg8 35.Kg2 hxg3 36.Nxg3 Qxf4 {...} 0-1

[Event "XXIV Festival Conca della Presolana A"]
[Site "Bratto - Castione della Presolana ITA"]
[Date "2004.08.22"]
[Round "3"]
[White "Manzoni, Alessandro"]
[Black "Danieli, Enrico"]
[Result "1-0"]
[WhiteElo "2070"]
[BlackElo "2139"]
[PlyCount "163"]
[EventDate "2004.08.20"]

1.e4 c6 2.Nc3 d5 3.g3 dxe4 4.Nxe4 Nf6 5.Nxf6+ exf6 6.Bg2 Bd6 7.Ne2 O-O 8.
O-O Re8 9.h3 Bf5 10.d3 Qb6 11.Rb1 Nd7 12.Be3 Qc7 13.Qd2 Ne5 14.f4 Nd7 15.
Bf2 Nb6 16.Rfe1 h5 17.Nd4 Bd7 18.Rxe8+ Rxe8 19.Nf3 Nd5 20.Re1 Rxe1+ 21.
Qxe1 Nb4 22.Qb1 c5 23.a3 Nc6 24.Qd1 Ne7 25.d4 cxd4 26.Qxd4 Nf5 27.Qd3 h4 
28.g4 Ng3 29.Nxh4 Bxf4 30.b4 Be6 31.Bf3 Bc4 32.Qd4 Ba6 33.Qc5 Qd7 34.c4 b6
35.Qd5 Qc7 36.c5 Ne2+ 37.Bxe2 Bxe2 38.c6 Bh2+ 39.Kg2 Be5 40.Nf5 b5 41.Qd7 
a6 42.Ne7+ Kh7 43.Nd5 Qb8 44.c7 Bxc7 45.Qxc7 Qe8 46.Qe7 Qc6 47.Qc5 Qa8 48.
Kg1 Bc4 49.Ne7 g6 50.Qc8 Bd5 51.Qxa8 Bxa8 52.Nc8 g5 53.Bg3 Kg6 54.Ne7+ Kg7
55.Kf2 Kf8 56.Bd6 Ke8 57.Kg3 Kd7 58.Bc5 Ke6 59.h4 gxh4+ 60.Kxh4 Be4 61.Kg3
Ke5 62.Ng8 f5 63.g5 f4+ 64.Kh4 Bf5 65.Ne7 Be4 66.Kh5 Bb7 67.Kh6 f3 68.Kg7 
Ke6 69.Ng8 Kf5 70.Be3 Ke4 71.Bf2 Kf5 72.Kh6 Kg4 73.Nf6+ Kh3 74.Kg7 Kg2 75.
Bc5 f2 76.Bxf2 Kxf2 77.Kxf7 Bf3 78.g6 Be2 79.Ke6 Bd1 80.g7 Ke3 81.g8=Q 
Bb3+ 82.Nd5+ 1-0

[Event "XXIV Festival Conca della Presolana A"]
[Site "Bratto - Castione della Presolana ITA"]
[Date "2004.08.22"]
[Round "3"]
[White "Marta, Daniele"]
[Black "Mantovani, Renzo"]
[Result "0-1"]
[WhiteElo "2089"]
[BlackElo "2382"]
[PlyCount "68"]
[EventDate "2004.08.20"]

1.d4 Nf6 2.c4 c5 3.Nf3 cxd4 4.Nxd4 Nc6 5.Nc3 g6 6.e4 d6 7.Be2 Nxd4 8.Qxd4 
Bg7 9.O-O O-O 10.Bg5 h6 11.Bh4 g5 12.Bg3 Nh5 13.Qd2 Nxg3 14.hxg3 Bd7 15.
Rad1 Bc6 16.Bd3 Rc8 17.Bb1 Qb6 18.b3 e6 19.Qc2 Rfd8 20.Kh2 Qa5 21.Ne2 b5 
22.c5 dxc5 23.Qxc5 Bxe4 24.Rxd8+ Qxd8 25.Qxb5 Bxb1 26.Rxb1 Qd2 27.Ng1 Qxf2
28.a4 Rc2 29.Qb7 Be5 30.Qf3 Qxf3 31.Nxf3 Bf6 32.b4 g4 33.Ng1 Ra2 34.a5 Be7
0-1

[Event "XXIV Festival Conca della Presolana A"]
[Site "Bratto - Castione della Presolana ITA"]
[Date "2004.08.22"]
[Round "3"]
[White "Marzano, Carlo"]
[Black "Temi, Walter"]
[Result "1/2-1/2"]
[WhiteElo "2244"]
[BlackElo "2101"]
[PlyCount "32"]
[EventDate "2004.08.20"]

1.e4 b6 2.d4 Bb7 3.Nc3 e6 4.a3 Nf6 5.Bd3 c5 6.Nf3 cxd4 7.Nxd4 Nc6 8.Nxc6 
dxc6 9.f4 Qc7 10.O-O Be7 11.Qe2 Nd7 12.Qg4 g6 13.e5 h5 14.Qg3 h4 15.Qf2 h3
16.g3 O-O-O 1/2-1/2

[Event "XXIV Festival Conca della Presolana A"]
[Site "Bratto - Castione della Presolana ITA"]
[Date "2004.08.22"]
[Round "3"]
[White "Mazzariol, Oscar"]
[Black "De Vita, Igor"]
[Result "1-0"]
[WhiteElo "2073"]
[BlackElo "2156"]
[PlyCount "81"]
[EventDate "2004.08.20"]

1.e4 Nf6 2.e5 Nd5 3.c4 Nb6 4.c5 Nd5 5.Nc3 e6 6.d4 Nxc3 7.bxc3 d6 8.cxd6 
cxd6 9.Nf3 Qc7 10.Bd2 Nd7 11.exd6 Bxd6 12.Bd3 Bf4 13.O-O h6 14.d5 O-O 15.
dxe6 fxe6 16.Qe2 Nc5 17.Bc4 Bd7 18.Bxf4 Rxf4 19.Nd4 Rf6 20.Rad1 a6 21.Rfe1
b5 22.Nb3 Na4 23.Qe4 Re8 24.Bd3 Nxc3 25.Rc1 Rc8 26.Qh7+ Kf7 27.Re3 b4 28.
Bxa6 Ne2+ 29.Bxe2 Qxc1+ 30.Nxc1 Rxc1+ 31.Bf1 Bb5 32.h3 Rxf1+ 33.Kh2 R1xf2 
34.Rg3 Ke7 35.Rxg7+ Kd6 36.Rc7 Bc6 37.Qe7+ Kd5 38.Qxb4 Rg6 39.Qb3+ Kd6 40.
Rxc6+ Kxc6 41.Qc4+ 1-0